000 005760000a22001810004500
003 MACL
005 20160410152815.0
008 160410b xxu||||| |||| 00| 0 eng d
040 _aMACL
_cMACL
041 _aHindi
082 _a610
100 _aडॉ संजय आहूजा
_951778
245 _aऑखें रोग और सावधानियॉ
260 _bमाईन्‍ड एण्‍ड बॉडी ग्रोथ ओरिजिन
_c2002
_aदिल्‍ली
350 _a200
650 _aMedical Sci.
_933115
942 _cHIN
_k610
_2ddc
999 _c18090
_d18090